| 000 | 00795nam a2200265Ia 4500 | ||
|---|---|---|---|
| 003 | OSt | ||
| 005 | 20220926015033.0 | ||
| 006 | a|||||r|||| 00| 0 | ||
| 007 | ta | ||
| 008 | 220923b |||||||| |||| 00| 0 eng d | ||
| 037 | _cGeneral Book | ||
| 040 |
_aRTL _cRTL _beng |
||
| 041 |
_2eng _aeng |
||
| 082 | _aX:9.73.N61t4, K1 | ||
| 100 |
_aHabbe Stephen _9321528 |
||
| 111 | _aNational Industrial Conference Board (New York) | ||
| 245 | 0 | _aFollowing up attitude survey findings | |
| 260 |
_aNew York _bNICB USA _c1961 |
||
| 300 |
_a75p. _ccm. |
||
| 490 | _aIts, Studies in Personnel Policy, 181 | ||
| 500 | _aConference Board,, Research Report | ||
| 650 | _aLabor Economics | ||
| 942 |
_hX:9.73.N61t4, K1 _cGB _2CC |
||
| 999 |
_c630459 _d630459 |
||